000 00355 a2200157 4500
001 62630
020 _a
040 _cAnchieta - Pituba
100 _aBarbosa, Frederico
240 1 0 _aClássicos da poesia brasileira
_lpor
245 1 0 _aClássicos da poesia brasileira
300 _a196
362 0 _a1997
650 4 _aPoesia brasileira
942 _cBK
999 _c62630
_d62630